00674 2200193 4500001002100000005001700021008004100038035002400079082001000103090001900113100001700132245011800149260007400267300004100341500001400382504002900396650003700425990001800462YOGYA-0213000000008120130204121057.0 ind  0010-021300000000081 a371.2 aSK 371.2 Puj K aPUJI LESTARI aKaitan efektifitas manajemen gugus sekolah dengan kemampuan guru sekolah dasar di Kota Yogyakarta/cPuji Lestari. aYogyakartabProgram Pasca Sarjana Universitas Negeri Yogyakartac2004 aix,92(19) lbr.:bilus.,lamp.;c29 cm aTesis UNY aBibliografi : lbr. 55-56 aManajemen dan organisasi sekolah a43577-PD/A.12